000 00452nam a2200109Ia 4500
008 171204s9999 xx 000 0 und d
245 2 _aA Cultural-historical Study Of Children Learning Science(Cultural Studies of Science Education): Foregrounding Affective Imagination in Play-based Settings
245 _cMarilyn Fleer
260 _c2014
650 _xSPED 4-5 Observational Child Study
856 _uhttp://down.ebook777.com/010/ACulStuOfChiLeaSci.pdf
999 _c346602
_d346602